Prensa local madrileña, 1970-1980 (Registro nro. 121058)

Detalles MARC
000 -LEADER
campo de control de longitud fija 00787nam a2200193 4500
001 - NÚMERO DE CONTROL
campo de control 121058
003 - IDENTIFICADOR DE NÚMERO DE CONTROL
campo de control ES-MaACL
005 - FECHA Y HORA DE LA ÚLTIMA TRANSACCIÓN
campo de control 20230906191658.0
007 - CAMPO FIJO DE DESCRIPCIÓN FÍSICA--INFORMACIÓN GENERAL
campo de control de longitud fija t|
008 - DATOS DE LONGITUD FIJA--INFORMACIÓN GENERAL
campo de control de longitud fija 070214s1987 sp r ||||1| spa d
245 00 - MENCIÓN DEL TÍTULO
Título Prensa local madrileña, 1970-1980
Resto del título : [antología de textos] /
Mención de responsabilidad, etc. [introducción y recopilación por] Antonio Ruiz del Arbol.
260 ## - PUBLICACIÓN, DISTRIBUCIÓN, ETC.
Lugar de publicación, distribución, etc. Madrid :
Nombre del editor, distribuidor, etc. Consejería de Gobernación :
-- Consejería de Cultura y Deportes,
Fecha de publicación, distribución, etc. 1987.
300 ## - DESCRIPCIÓN FÍSICA
Extensión 357 p. :
Otras características físicas il. ;
Dimensiones 28 cm.
700 1# - ENTRADA AGREGADA--NOMBRE PERSONAL
Nombre de persona Ruiz del Arbol, Antonio.
9 (RLIN) 100774
710 1# - ENTRADA AGREGADA--NOMBRE DE ENTIDAD CORPORATIVA
Nombre de entidad corporativa o nombre de jurisdicción como elemento de entrada Madrid (Comunida Autónoma).
Unidad subordinada Consejería de Gobernación.
9 (RLIN) 5586
710 1# - ENTRADA AGREGADA--NOMBRE DE ENTIDAD CORPORATIVA
Nombre de entidad corporativa o nombre de jurisdicción como elemento de entrada Madrid (Comunidad Autónoma).
Unidad subordinada Consejería de Cultura y Deportes.
9 (RLIN) 5596
852 ## - LOCALIZACIÓN
Ubicación ES-MaACL
Número de control de estantería G-6929
Sublocalización o colección R.114443
852 ## - LOCALIZACIÓN
Ubicación ES-MaACL
Número de control de estantería G-3572
Sublocalización o colección R.114864
Existencias
Estatus retirado Estado de pérdida Estado de daño No para préstamo Biblioteca de origen Biblioteca actual Ubicación en estantería Fecha de adquisición Fuente de adquisición Total de préstamos Signatura topográfica completa Código de barras Visto por última vez Precio de reemplazo Tipo de ítem Koha
        Biblioteca del Ateneo de Madrid Biblioteca del Ateneo de Madrid Depósito 2 17/01/2008     G-3572 1126170 23/02/2023 23/02/2023 Libro impreso
        Biblioteca del Ateneo de Madrid Biblioteca del Ateneo de Madrid Depósito 2 17/01/2008     G-6929 1126169 23/02/2023 23/02/2023 Libro impreso